[Event "4NCL Division 3 North"]
[Site "Bolton, ENG"]
[Date "2018.01.14"]
[Round "4.11"]
[White "Karas, Marek"]
[Black "Thorarinsson, Pall A"]
[Result "0-1"]
[WhiteElo "2243"]
[BlackElo "2275"]
[PlyCount "94"]
[EventDate "2018.01.14"]
[WhiteTeam "Castleford Roses"]
[BlackTeam "Gonzaga"]

1. d4 d5 2. c4 dxc4 3. Nf3 a6 4. e3 Nf6 5. Bxc4 e6 6. O-O c5 7. dxc5 Qxd1 8.
Rxd1 Bxc5 9. Nc3 b5 10. Be2 Bb7 11. Bd2 Nbd7 12. a3 O-O 13. b4 Be7 14. Nd4 Nb6
15. Nb3 Rac8 16. Na5 Ba8 17. f3 Nfd7 18. Rac1 Ne5 19. Nb1 Bd5 20. e4 Bc4 21.
Nxc4 Nexc4 22. Kf2 Bf6 23. Bf4 Bb2 24. Rc2 e5 25. Bc1 Bd4+ 26. Kg3 h6 27. f4
exf4+ 28. Bxf4 Bf6 29. Bg4 g5 30. Bc1 Rcd8 31. Nc3 Be5+ 32. Kf2 Bd4+ 33. Kg3
Be5+ 34. Kf2 Bd4+ 35. Kg3 Rfe8 36. Bf3 Bxc3 37. Rxc3 Rxd1 38. Bxd1 Rxe4 39. Bf3
Re7 40. h4 f6 41. hxg5 hxg5 42. Kf2 Kg7 43. Be3 Na4 44. Rd3 Ne5 45. Rd6 g4 46.
Be2 Nc3 47. Bd3 Nd1+ 0-1

[Event "4NCL Division 3 North"]
[Site "Bolton, ENG"]
[Date "2018.01.14"]
[Round "4.12"]
[White "Freeman, Gordon"]
[Black "Lintner, Igor"]
[Result "0-1"]
[WhiteElo "2156"]
[BlackElo "2174"]
[PlyCount "108"]
[EventDate "2018.01.14"]
[WhiteTeam "Gonzaga"]
[BlackTeam "Castleford Roses"]

1. d4 f5 2. Nc3 d5 3. f3 e6 4. e4 Nf6 5. Bg5 Be7 6. e5 Nfd7 7. Bxe7 Qxe7 8. f4
a6 9. Nf3 c5 10. Qd2 Nc6 11. O-O-O b5 12. h3 Nb6 13. g4 g6 14. gxf5 gxf5 15.
Be2 c4 16. Ng5 h5 17. Rdg1 b4 18. Nd1 c3 19. bxc3 a5 20. Ne3 bxc3 21. Qxc3 Nb4
22. Kd2 Bd7 23. a3 Rc8 24. Qb3 Ba4 25. Qb2 Nc4+ 26. Bxc4 dxc4 27. Qc3 Na2 28.
Qxa5 c3+ 29. Ke2 Bc6 30. d5 exd5 31. Nxf5 Qc7 32. Nd6+ Kd7 33. e6+ Kxd6 34.
Nf7+ Kxe6 35. Qxc7 Rxc7 36. Nxh8 d4 37. Rg6+ Kf5 38. Rhg1 Be4 39. R6g5+ Kf6 40.
Rxh5 Bxc2 41. Rh6+ Kf5 42. Rg5+ Ke4 43. Re5+ Kxf4 44. Ra5 Bd1+ 45. Kxd1 Ke3 46.
Re6+ Kd3 47. Re2 Rg7 48. Rc5 Rg1+ 49. Re1 Rxe1+ 50. Kxe1 c2 51. Rxc2 Kxc2 52.
Ng6 d3 53. Ne5 d2+ 54. Kf2 d1=Q 0-1

[Event "4NCL Division 3 North"]
[Site "Bolton, ENG"]
[Date "2018.01.14"]
[Round "4.13"]
[White "Magnussen, Helge"]
[Black "Delaney, Killian"]
[Result "1/2-1/2"]
[WhiteElo "2099"]
[BlackElo "2196"]
[PlyCount "68"]
[EventDate "2018.01.14"]
[WhiteTeam "Castleford Roses"]
[BlackTeam "Gonzaga"]

1. d4 Nf6 2. c4 g6 3. g3 Bg7 4. Nf3 O-O 5. Bg2 d6 6. O-O Nc6 7. Nc3 a6 8. h3
Bd7 9. Bg5 Qc8 10. Kh2 Re8 11. e4 e5 12. d5 Nd4 13. Nxd4 exd4 14. Bxf6 Bxf6 15.
Ne2 c5 16. dxc6 Bxc6 17. Qd3 Qe6 18. f3 b5 19. b3 bxc4 20. bxc4 Qe5 21. Rab1
Rac8 22. Rfc1 Bg7 23. Rb6 f5 24. Rd1 fxe4 25. fxe4 Bxe4 26. Bxe4 Qxe4 27. Nxd4
Qxd3 28. Rxd3 Rxc4 29. Rxd6 Bxd4 30. R3xd4 Re2+ 31. Kg1 Rc1+ 32. Rd1 Rcc2 33.
Rxa6 Rg2+ 34. Kf1 Rgf2+ 1/2-1/2

[Event "4NCL Division 3 North"]
[Site "Bolton, ENG"]
[Date "2018.01.14"]
[Round "4.14"]
[White "Moran, Stephen"]
[Black "Lancaric, Tomas"]
[Result "1-0"]
[WhiteElo "2120"]
[BlackElo "1885"]
[PlyCount "47"]
[EventDate "2018.01.14"]
[WhiteTeam "Gonzaga"]
[BlackTeam "Castleford Roses"]

1. d4 Nf6 2. Nf3 g6 3. e3 Bg7 4. c4 d5 5. cxd5 Nxd5 6. Be2 O-O 7. e4 Nb6 8. a4
a5 9. O-O N8d7 10. Nc3 e5 11. Bg5 f6 12. Be3 exd4 13. Nxd4 Qe7 14. Ndb5 Nc5 15.
Rc1 Ne6 16. Nd5 Nxd5 17. exd5 Rd8 18. Qb3 c6 19. dxc6 bxc6 20. Rxc6 Qb4 21. Bc4
Qxb3 22. Bxb3 Kf7 23. Nc7 Rb8 24. Nxe6 1-0

[Event "4NCL Division 3 North"]
[Site "Bolton, ENG"]
[Date "2018.01.14"]
[Round "4.15"]
[White "Poliakova, Emma"]
[Black "Murray, David"]
[Result "0-1"]
[WhiteElo "1944"]
[BlackElo "2133"]
[PlyCount "118"]
[EventDate "2018.01.14"]
[WhiteTeam "Castleford Roses"]
[BlackTeam "Gonzaga"]

1. e4 c5 2. Nf3 Nc6 3. d4 cxd4 4. Nxd4 Nf6 5. Nc3 d6 6. Be2 e5 7. Nb3 Be7 8.
Be3 O-O 9. Qd2 a5 10. a4 Nb4 11. Rd1 Ng4 12. Bxg4 Bxg4 13. f3 Be6 14. O-O Rc8
15. Nc1 Rc6 16. Nd3 Nxd3 17. cxd3 d5 18. d4 exd4 19. Bxd4 dxe4 20. Nxe4 Bb3 21.
Rc1 Bxa4 22. Qf2 Qc8 23. Qg3 f6 24. Ra1 Rc4 25. Bc3 Bc2 26. Rxa5 Bxe4 27. fxe4
Rxe4 28. Raf5 Qc4 29. Qf3 Re8 30. Qd1 Rd8 31. Qa1 Re2 32. R5f4 Qd5 33. R4f3 Bd6
34. Qa5 Bc5+ 35. Kh1 b6 36. Qb5 Qe4 37. Qb3+ Kh8 38. Qf7 Rf8 39. Qh5 Bd6 40.
Qh3 b5 41. Qd7 Qg6 42. Rg1 Bb8 43. Qxb5 Rfe8 44. Qd3 Qg5 45. Qf5 Qxf5 46. Rxf5
Rc2 47. Rd5 Bf4 48. Rgd1 Kg8 49. Rd8 Kf7 50. R1d7+ Re7 51. g3 Be3 52. Rxe7+
Kxe7 53. Rc8 Kf7 54. Rc7+ Kg6 55. Rc4 h5 56. Re4 Bc1 57. Rb4 Kf5 58. h3 Be3 59.
Ra4 Bf2 0-1

[Event "4NCL Division 3 North"]
[Site "Bolton, ENG"]
[Date "2018.01.14"]
[Round "4.16"]
[White "Jackson, Carl"]
[Black "Kluckova, Alzbeta"]
[Result "1-0"]
[WhiteElo "2136"]
[BlackElo "1198"]
[PlyCount "35"]
[EventDate "2018.01.14"]
[WhiteTeam "Gonzaga"]
[BlackTeam "Castleford Roses"]

1. e4 e5 2. Nf3 Nc6 3. Bc4 Nf6 4. Ng5 d5 5. exd5 Nxd5 6. d4 Be7 7. Nxf7 Kxf7 8.
Qf3+ Ke8 9. Bxd5 Rf8 10. Bxc6+ bxc6 11. Qxc6+ Bd7 12. Qe4 exd4 13. Qxd4 Rf7 14.
O-O c5 15. Qd5 Rc8 16. Re1 Rc6 17. Bg5 Rd6 18. Qxd6 1-0

[Event "4NCL Division 3 North"]
[Site "Bolton, ENG"]
[Date "2018.01.14"]
[Round "4.21"]
[White "Garnett, John S"]
[Black "Reeve, Andy K"]
[Result "1/2-1/2"]
[WhiteElo "1933"]
[BlackElo "2185"]
[PlyCount "46"]
[EventDate "2018.01.14"]
[WhiteTeam "Ashfield-Breadsall 2"]
[BlackTeam "3Cs 2"]

1. d4 d6 2. Nf3 Nf6 3. Bg5 Nbd7 4. c4 e5 5. dxe5 dxe5 6. Nc3 c6 7. Qc2 Qc7 8.
g3 h6 9. Bd2 Be7 10. Bg2 a5 11. O-O O-O 12. a3 Re8 13. e3 Bf8 14. Ne2 a4 15.
Bb4 Qb6 16. Bxf8 Kxf8 17. Rfd1 Nc5 18. Qc3 Bg4 19. h3 Bxf3 20. Bxf3 Nb3 21.
Rab1 Rad8 22. Qc2 Qc5 23. Nc1 e4 1/2-1/2

[Event "4NCL Division 3 North"]
[Site "Bolton, ENG"]
[Date "2018.01.14"]
[Round "4.22"]
[White "Clarke, Stuart W"]
[Black "Truman, Richard G"]
[Result "1-0"]
[WhiteElo "2226"]
[BlackElo "1909"]
[PlyCount "83"]
[EventDate "2018.01.14"]
[WhiteTeam "3Cs 2"]
[BlackTeam "Ashfield-Breadsall 2"]

1. e4 e5 2. Nf3 Nc6 3. Bc4 Nf6 4. d3 Be7 5. O-O O-O 6. Re1 d6 7. a4 a6 8. a5
Be6 9. Nbd2 Qd7 10. c3 Rfe8 11. Qb3 h6 12. Nf1 Bxc4 13. dxc4 Nd8 14. Qc2 Ne6
15. Ne3 Nf4 16. Nd2 Rac8 17. Ndf1 Bf8 18. f3 g6 19. Kh1 Qe6 20. Nd5 N6xd5 21.
cxd5 Qf6 22. Be3 c5 23. dxc6 Rxc6 24. Red1 Rec8 25. Qd2 g5 26. Ng3 Kh7 27. Qc2
Ng6 28. Rd5 Ne7 29. Rad1 Kg8 30. R5d3 Qe6 31. Bb6 f5 32. b3 f4 33. Ne2 Re8 34.
c4 Nc8 35. Bf2 Be7 36. Nc3 Bd8 37. Qa2 Kg7 38. Nd5 Ne7 39. Nb4 Nc8 40. Nxc6
bxc6 41. Qa4 c5 42. Bxc5 1-0

[Event "4NCL Division 3 North"]
[Site "Bolton, ENG"]
[Date "2018.01.14"]
[Round "4.24"]
[White "Burke, Mitchell R"]
[Black "Taylor, Robert P"]
[Result "1-0"]
[WhiteElo "2072"]
[BlackElo "1818"]
[PlyCount "117"]
[EventDate "2018.01.14"]
[WhiteTeam "3Cs 2"]
[BlackTeam "Ashfield-Breadsall 2"]

1. e4 Nc6 2. d4 d5 3. Nc3 dxe4 4. d5 Ne5 5. Qd4 Ng6 6. Nxe4 e5 7. Qa4+ Bd7 8.
Qb3 Rb8 9. Be3 b6 10. O-O-O Nf6 11. Nxf6+ Qxf6 12. Nf3 h6 13. h4 Bd6 14. Bb5
Qd8 15. h5 Nf8 16. Rhe1 Bxb5 17. Qxb5+ Nd7 18. Bf4 O-O 19. Nxe5 Nxe5 20. Bxe5
Qg5+ 21. f4 Qxh5 22. g3 Qg4 23. Qb3 Rfd8 24. Qc3 a5 25. Qd3 b5 26. Qe2 Qg6 27.
Qf3 f5 28. Bd4 Re8 29. Be5 b4 30. Re2 Rbd8 31. Rde1 Qf7 32. Rd1 a4 33. c3 c6
34. c4 cxd5 35. Qxd5 Bf8 36. Qxf7+ Kxf7 37. Rxd8 Rxd8 38. Rd2 Rxd2 39. Kxd2 Bc5
40. Ke2 g5 41. fxg5 hxg5 42. b3 axb3 43. axb3 Ke6 44. Bb2 Bd6 45. Kf2 Bc5+ 46.
Kf3 g4+ 47. Kg2 Be3 48. Kf1 Bd2 49. Ke2 Bc3 50. Bc1 Ke5 51. Kd3 Ke6 52. Bf4 Be5
53. Bxe5 Kxe5 54. Ke3 Kf6 55. Kd4 Ke6 56. Kd3 Ke5 57. Ke3 Kf6 58. Kd4 Ke6 59.
c5 1-0

[Event "4NCL Division 3 North"]
[Site "Bolton, ENG"]
[Date "2018.01.14"]
[Round "4.25"]
[White "Hill, Maurice J"]
[Black "Adams, Philip"]
[Result "0-1"]
[WhiteElo "1819"]
[BlackElo "2117"]
[PlyCount "74"]
[EventDate "2018.01.14"]
[WhiteTeam "Ashfield-Breadsall 2"]
[BlackTeam "3Cs 2"]

1. g3 e5 2. Bg2 Nc6 3. c4 Bc5 4. Nc3 a6 5. e3 d6 6. Nge2 Ba7 7. d3 h5 8. h4 Nf6
9. a3 O-O 10. O-O Re8 11. d4 Bg4 12. d5 Ne7 13. e4 Qd7 14. Kh2 Qd8 15. Qd3 Bd7
16. f3 Rf8 17. Be3 Bxe3 18. Qxe3 Nh7 19. f4 Nf6 20. Kg1 Ng4 21. Qd3 Qb8 22. Nd1
Qa7+ 23. Kh1 b5 24. b3 bxc4 25. bxc4 Rab8 26. Nec3 exf4 27. gxf4 Ng6 28. Bf3
Nxf4 29. Qc2 Ng6 30. Bxg4 Bxg4 31. Nf2 Bf3+ 32. Kh2 Ne5 33. Ncd1 Qd4 34. Rc1
Ng4+ 35. Kg3 Bxd1 36. Qxd1 Qe5+ 37. Kg2 Ne3+ 0-1

[Event "4NCL Division 3 North"]
[Site "Bolton, ENG"]
[Date "2018.01.14"]
[Round "4.26"]
[White "Hazlehurst, Cory S"]
[Black "Graham, Neil"]
[Result "1-0"]
[WhiteElo "2065"]
[BlackElo "1808"]
[PlyCount "47"]
[EventDate "2018.01.14"]
[WhiteTeam "3Cs 2"]
[BlackTeam "Ashfield-Breadsall 2"]

1. d4 d5 2. Nf3 Bf5 3. c4 e6 4. Qb3 Nc6 5. c5 Rb8 6. Bf4 Bxb1 7. Rxb1 Nf6 8. h3
g6 9. e3 a6 10. Qa4 Qd7 11. b4 Bg7 12. b5 axb5 13. Bxb5 O-O 14. Ne5 Qc8 15.
Bxc6 bxc6 16. O-O Ra8 17. Qxc6 Rxa2 18. Rb7 Qa8 19. Qxc7 Ra1 20. Rxa1 Qxa1+ 21.
Kh2 Qf1 22. Nxf7 Qxf2 23. Ne5 Nh5 24. Rb8 1-0

[Event "4NCL Division 3 North"]
[Site "Bolton, ENG"]
[Date "2018.01.14"]
[Round "4.31"]
[White "Powell, Lloyd"]
[Black "Richardson, Alex"]
[Result "0-1"]
[WhiteElo "2067"]
[BlackElo "2139"]
[PlyCount "90"]
[EventDate "2018.01.14"]
[WhiteTeam "Spirit of Atticus B"]
[BlackTeam "Cheddleton 2"]

1. d4 d5 2. c4 e6 3. Nf3 Nf6 4. g3 dxc4 5. Bg2 a6 6. O-O Nc6 7. Nc3 Rb8 8. Bg5
Be7 9. e4 O-O 10. Qe2 b5 11. Rfd1 Nb4 12. Ne5 Nd7 13. Be3 Nxe5 14. dxe5 Qe8 15.
b3 cxb3 16. axb3 c5 17. f4 Nc6 18. Qf2 Nd4 19. Bxd4 cxd4 20. Qxd4 Qc6 21. Kh1
Bc5 22. Qd3 Bb7 23. Rac1 Qb6 24. h3 h6 25. Rc2 Rfd8 26. Qe2 Rxd1+ 27. Qxd1 Rd8
28. Rd2 Rxd2 29. Qxd2 Qa5 30. Qc1 Qb4 31. Qc2 Qd4 32. Ne2 Qe3 33. h4 a5 34. Kh2
Ba6 35. Nc3 Bb4 36. Nd1 Qd4 37. Qc6 Qxd1 38. Qxa6 Qxb3 39. Qxb5 Kh7 40. Qb7 a4
41. h5 a3 42. Qxf7 a2 43. f5 Qa3 44. f6 Bf8 45. Qxe6 a1=Q 0-1

[Event "4NCL Division 3 North"]
[Site "Bolton, ENG"]
[Date "2018.01.14"]
[Round "4.32"]
[White "Boswell, Jacob Connor"]
[Black "Bimpson, Tom"]
[Result "0-1"]
[WhiteElo "2027"]
[BlackElo "2026"]
[PlyCount "144"]
[EventDate "2018.01.14"]
[WhiteTeam "Cheddleton 2"]
[BlackTeam "Spirit of Atticus B"]

1. e4 d6 2. d4 Nf6 3. Nc3 Nbd7 4. Bc4 e5 5. Nf3 Be7 6. Bb3 c6 7. a4 h6 8. Qe2
Qc7 9. h3 Nf8 10. Qc4 Ne6 11. Be3 O-O 12. a5 Bd7 13. O-O Kh7 14. Rfd1 g6 15. d5
cxd5 16. Nxd5 Nxd5 17. Qxd5 Bc6 18. Qd2 g5 19. Bd5 Rg8 20. b4 g4 21. hxg4 Rxg4
22. c4 Rag8 23. g3 Qc8 24. Kf1 Rxe4 25. Qd3 f5 26. Nd2 Rgg4 27. Nxe4 fxe4 28.
Qe2 Rg7 29. Rac1 Qd7 30. b5 Bxd5 31. cxd5 Nf8 32. b6 axb6 33. axb6 Qh3+ 34. Ke1
Bd8 35. Kd2 Qd7 36. Qc4 Rg8 37. Qxe4+ Kg7 38. Rh1 Rh8 39. Qc4 Ng6 40. Qc8 Qb5
41. Qxb7+ Ne7 42. Rh4 h5 43. Ke1 Kg6 44. Rhc4 Rf8 45. Qa8 Nf5 46. Qa4 Qxd5 47.
Qc2 Kg7 48. Qd2 Nxe3 49. Qxe3 Qa5+ 50. Kf1 Qxb6 51. Qe2 Rf7 52. R1c2 Qb1+ 53.
Kg2 Qb7+ 54. Kg1 Qf3 55. Qd2 Be7 56. R4c3 Qf5 57. Rc8 Qe4 58. R2c7 Qb1+ 59. Kh2
Qf5 60. Rc2 Qf3 61. Kg1 Qg4 62. Rb8 h4 63. Rb4 Qg6 64. Rcc4 Bg5 65. Qe2 hxg3
66. fxg3 Bf4 67. Rb3 d5 68. Ra4 d4 69. Qg2 Be3+ 70. Rxe3 dxe3 71. Kh2 Rf2 72.
Ra7+ Kh6 0-1

[Event "4NCL Division 3 North"]
[Site "Bolton, ENG"]
[Date "2018.01.14"]
[Round "4.33"]
[White "Hall, John"]
[Black "Edwards, Roger J"]
[Result "1-0"]
[WhiteElo "2055"]
[BlackElo "1616"]
[PlyCount "71"]
[EventDate "2018.01.14"]
[WhiteTeam "Spirit of Atticus B"]
[BlackTeam "Cheddleton 2"]

1. e4 e5 2. Nc3 Nc6 3. f4 exf4 4. Nf3 d6 5. d4 g5 6. d5 Ne5 7. Bb5+ Bd7 8.
Bxd7+ Nxd7 9. Qd4 Qf6 10. Qxf6 Ngxf6 11. Nxg5 Rg8 12. Bxf4 h6 13. Nf3 Rxg2 14.
O-O-O Rg4 15. Bg3 O-O-O 16. Rhe1 Bg7 17. e5 dxe5 18. Nxe5 Nxe5 19. Bxe5 Nd7 20.
Bxg7 Rxg7 21. Ne4 Nb6 22. d6 f5 23. Nc5 Rg6 24. d7+ Nxd7 25. Nxd7 b6 26. Ne5
Rgd6 27. Nf3 Rg6 28. Rxd8+ Kxd8 29. Re5 Rf6 30. Kd2 Kd7 31. Ke3 Rg6 32. Rxf5
Rg2 33. Kd3 Ke7 34. Rh5 Rg6 35. Nd4 Rd6 36. Rxh6 1-0

[Event "4NCL Division 3 North"]
[Site "Bolton, ENG"]
[Date "2018.01.14"]
[Round "4.34"]
[White "Floresc, Petru"]
[Black "Johnson, Michael D"]
[Result "1/2-1/2"]
[WhiteElo "1802"]
[BlackElo "1994"]
[PlyCount "116"]
[EventDate "2018.01.14"]
[WhiteTeam "Cheddleton 2"]
[BlackTeam "Spirit of Atticus B"]

1. c4 Nf6 2. g3 g6 3. Bg2 d5 4. cxd5 Nxd5 5. Nc3 Nxc3 6. bxc3 Bg7 7. Rb1 O-O 8.
d4 c5 9. e3 Nc6 10. Bd2 cxd4 11. cxd4 e6 12. Ne2 Qd7 13. O-O b6 14. Qb3 Bb7 15.
h4 Rac8 16. Rfd1 Rfd8 17. Bc3 Ne7 18. e4 Ba6 19. Nf4 Rc7 20. Bb2 Bc4 21. Qa3
Bf8 22. Qf3 Bg7 23. d5 exd5 24. exd5 Bxb2 25. Rxb2 Qd6 26. h5 g5 27. Qg4 h6 28.
Nh3 f5 29. Qd4 Rc5 30. Rbd2 Bxd5 31. Qe3 Qf6 32. Re1 Rc7 33. Qe5 Qxe5 34. Rxe5
Rcd7 35. Rxe7 Rxe7 36. Rxd5 Rf8 37. f4 g4 38. Nf2 Re1+ 39. Bf1 Ra1 40. Rd7 Rc8
41. Kg2 Rxa2 42. Bd3 Rc5 43. Rd6 Kh7 44. Rf6 Kg7 45. Rg6+ Kh7 46. Kf1 Rc1+ 47.
Kg2 Rc5 48. Re6 Kg7 49. Rg6+ Kh7 50. Rxg4 b5 51. Rg6 Rd5 52. Kf3 Rxf2+ 53. Kxf2
Rxd3 54. Ra6 Rd7 55. Ke3 b4 56. Ra4 Rb7 57. Kd2 b3 58. Kc1 Kg8 1/2-1/2

[Event "4NCL Division 3 North"]
[Site "Bolton, ENG"]
[Date "2018.01.14"]
[Round "4.35"]
[White "Miles, Richard"]
[Black "Taylor, John Paul"]
[Result "1/2-1/2"]
[WhiteElo "1968"]
[BlackElo "1872"]
[PlyCount "78"]
[EventDate "2018.01.14"]
[WhiteTeam "Spirit of Atticus B"]
[BlackTeam "Cheddleton 2"]

1. d4 Nf6 2. c4 e6 3. Nf3 d5 4. Nc3 Be7 5. Bg5 h6 6. Bh4 O-O 7. e3 b6 8. Rc1
Bb7 9. cxd5 exd5 10. Bd3 Nbd7 11. O-O c5 12. Ne5 Rc8 13. Bf5 Ra8 14. Nxd7 Nxd7
15. Bxe7 Qxe7 16. dxc5 Nxc5 17. Qd4 Rad8 18. Rfd1 Rfe8 19. Bg4 Qg5 20. Bf3 Ne4
21. Ne2 Rc8 22. Qb4 Rxc1 23. Rxc1 Nc5 24. Rxc5 bxc5 25. Qxb7 d4 26. Qd5 Re5 27.
Qc4 dxe3 28. fxe3 Qxe3+ 29. Kf1 Re6 30. Qc3 Qg5 31. Qc1 Qe5 32. h3 Rb6 33. b3
Qf5 34. Kf2 Rf6 35. Ng3 Qe5 36. Qe3 Qb2+ 37. Qe2 Qd4+ 38. Qe3 Qb2+ 39. Qe2 Qd4+
1/2-1/2

[Event "4NCL Division 3 North"]
[Site "Bolton, ENG"]
[Date "2018.01.14"]
[Round "4.36"]
[White "Armstrong, William G"]
[Black "Mort, Andrew J"]
[Result "0-1"]
[WhiteElo "1809"]
[BlackElo "1900"]
[PlyCount "62"]
[EventDate "2018.01.14"]
[WhiteTeam "Cheddleton 2"]
[BlackTeam "Spirit of Atticus B"]

1. Nf3 e6 2. g3 f5 3. c4 Nf6 4. Bg2 d6 5. O-O Be7 6. d4 O-O 7. Qb3 Ne4 8. Nc3
Nc6 9. Nxe4 fxe4 10. Nd2 Nxd4 11. Qd1 e5 12. Nxe4 Bg4 13. f3 Bf5 14. e3 Nc6 15.
Nc3 Qd7 16. Nd5 Be6 17. b3 Rae8 18. Bb2 Bd8 19. f4 Bg4 20. Qc2 exf4 21. gxf4
Ne7 22. Kh1 c6 23. Nxe7+ Bxe7 24. Rae1 Bh4 25. Re2 Bxe2 26. Qxe2 Bf6 27. Ba3
Qe6 28. e4 Bd4 29. Qd3 Bc5 30. b4 Bb6 31. e5 dxe5 0-1

[Event "4NCL Division 3 North"]
[Site "Bolton, ENG"]
[Date "2018.01.14"]
[Round "4.42"]
[White "Page, Mark E"]
[Black "Samuel Lares, Jairo"]
[Result "1-0"]
[WhiteElo "2127"]
[BlackElo "2022"]
[PlyCount "77"]
[EventDate "2018.01.14"]
[WhiteTeam "Warwickshire Select 2"]
[BlackTeam "Holmes Chapel"]

1. e4 c5 2. Nc3 Nc6 3. f4 g6 4. Nf3 Bg7 5. Bb5 Nd4 6. O-O e6 7. e5 a6 8. Bd3 d6
9. Ne4 Nf5 10. Kh1 c4 11. Be2 d5 12. Nf2 h5 13. a4 Ngh6 14. b3 cxb3 15. cxb3
Ng4 16. Ba3 Qb6 17. Nd3 Bf8 18. a5 Qd8 19. Ng5 Bd7 20. Bxf8 Kxf8 21. Nc5 Qe7
22. Rc1 Bc6 23. b4 Nxe5 24. Ngxe6+ fxe6 25. fxe5 Kf7 26. Nxa6 bxa6 27. Rxc6
Qxb4 28. Rc7+ Kg8 29. Qc2 Qf8 30. Qc6 Re8 31. Bxa6 h4 32. Rxf5 gxf5 33. Bb5 Re7
34. Rc8 Kf7 35. Rxf8+ Rxf8 36. a6 Rb8 37. Kg1 f4 38. Qc5 Rg8 39. Kf2 1-0

[Event "4NCL Division 3 North"]
[Site "Bolton, ENG"]
[Date "2018.01.14"]
[Round "4.43"]
[White "Turner, John M"]
[Black "Paterson, Andrew I"]
[Result "1-0"]
[WhiteElo "1988"]
[BlackElo "2095"]
[PlyCount "81"]
[EventDate "2018.01.14"]
[WhiteTeam "Holmes Chapel"]
[BlackTeam "Warwickshire Select 2"]

1. e4 c5 2. Nc3 Nc6 3. Bb5 Nd4 4. Bc4 e6 5. Nf3 Nf6 6. O-O a6 7. d3 b5 8. Bb3
Nxb3 9. axb3 d6 10. Nxb5 Bb7 11. Nc3 Be7 12. Re1 O-O 13. e5 Nd5 14. Ne4 dxe5
15. Nxe5 f5 16. Nd2 Bd6 17. Ndc4 Bc7 18. Qe2 a5 19. f4 Rf6 20. Qf2 Rh6 21. Bd2
Rh4 22. g3 Rh3 23. Qxc5 Qf6 24. Qf2 Qh6 25. Bxa5 Bb8 26. Bd2 Rxa1 27. Rxa1 Nf6
28. Qb6 Rxg3+ 29. hxg3 Qh1+ 30. Kf2 Qh2+ 31. Ke1 Qh1+ 32. Ke2 Qh2+ 33. Qf2 Qh5+
34. Kf1 Qh3+ 35. Ke2 Qh5+ 36. Ke3 Nd5+ 37. Kd4 Qe8 38. Ne3 Qd8 39. Nxd5 Qxd5+
40. Kc3 Bd6 41. Qd4 1-0

[Event "4NCL Division 3 North"]
[Site "Bolton, ENG"]
[Date "2018.01.14"]
[Round "4.44"]
[White "Green, Anthony J"]
[Black "Doran, Chris"]
[Result "1-0"]
[WhiteElo "1987"]
[BlackElo "1979"]
[PlyCount "95"]
[EventDate "2018.01.14"]
[WhiteTeam "Warwickshire Select 2"]
[BlackTeam "Holmes Chapel"]

1. d4 Nf6 2. c4 g6 3. Nc3 Bg7 4. e4 d6 5. Nf3 O-O 6. Be2 e5 7. O-O Nc6 8. d5
Ne7 9. Ne1 Ne8 10. f3 f5 11. g4 fxg4 12. fxg4 Rxf1+ 13. Kxf1 Nf6 14. Kg1 Bd7
15. Nd3 Qc8 16. Nf2 a6 17. Be3 Qe8 18. g5 Nh5 19. Nd3 c5 20. a4 Nc8 21. Rc1 Rb8
22. Bg4 Na7 23. b4 b6 24. b5 a5 25. Qf3 Rb7 26. Ne2 Bxg4 27. Qxg4 Re7 28. Rf1
Qd7 29. Nf2 Nc8 30. Qxd7 Rxd7 31. Ng4 Rf7 32. Rxf7 Kxf7 33. Kg2 Ke7 34. Kf3 Kf7
35. Bd2 Ke7 36. Nc1 Kf7 37. Nb3 Bf8 38. Nxa5 bxa5 39. Bxa5 Be7 40. b6 Nxb6 41.
Bxb6 Ke8 42. a5 Kd7 43. a6 Kc8 44. h4 Kb8 45. Nh6 Kc8 46. Ng8 Bf8 47. Nf6 h6
48. Ne8 1-0

[Event "4NCL Division 3 North"]
[Site "Bolton, ENG"]
[Date "2018.01.14"]
[Round "4.45"]
[White "Pearson, Raymond"]
[Black "Ingram, Keith R"]
[Result "1-0"]
[WhiteElo "1888"]
[BlackElo "1964"]
[PlyCount "85"]
[EventDate "2018.01.14"]
[WhiteTeam "Holmes Chapel"]
[BlackTeam "Warwickshire Select 2"]

1. c4 e5 2. Nc3 Nc6 3. Nf3 d6 4. d4 exd4 5. Nxd4 Bd7 6. e4 g6 7. Be2 Bg7 8. Be3
Nge7 9. O-O O-O 10. Qd2 f5 11. exf5 Nxd4 12. Bxd4 Nxf5 13. Bxg7 Kxg7 14. Bf3
Rb8 15. Ne4 c6 16. Nc3 Qh4 17. Ne4 Be6 18. Qc3+ Kg8 19. g3 Qe7 20. Rae1 c5 21.
Nd2 Nd4 22. Bd5 Qf7 23. Bxe6 Nxe6 24. f4 Nd4 25. Nf3 Nxf3+ 26. Rxf3 Rfe8 27.
Rfe3 Rxe3 28. Rxe3 Re8 29. b3 Rxe3 30. Qxe3 Kf8 31. Qc3 Qg7 32. Qxg7+ Kxg7 33.
Kf2 Kf6 34. Ke3 Kf5 35. h3 h5 36. Kf3 b6 37. g4+ hxg4+ 38. hxg4+ Kf6 39. Ke4
Ke6 40. f5+ gxf5+ 41. gxf5+ Kf6 42. Kd5 Kxf5 43. Kxd6 1-0

[Event "4NCL Division 3 North"]
[Site "Bolton, ENG"]
[Date "2018.01.14"]
[Round "4.46"]
[White "Cundy, Mark A"]
[Black "Roberts, Malcolm A"]
[Result "1-0"]
[WhiteElo "1955"]
[BlackElo "1618"]
[PlyCount "69"]
[EventDate "2018.01.14"]
[WhiteTeam "Warwickshire Select 2"]
[BlackTeam "Holmes Chapel"]

1. e4 e6 2. d4 d5 3. Nc3 dxe4 4. Nxe4 Nd7 5. Nf3 Ngf6 6. Ng3 Be7 7. Bd3 b6 8.
Be3 Bb7 9. O-O O-O 10. Qe2 Nd5 11. Bd2 g6 12. a3 c5 13. Rad1 cxd4 14. Nxd4 Re8
15. Bb5 Bf8 16. c4 N5f6 17. Bg5 Be7 18. Nxe6 fxe6 19. Bxf6 Bxf6 20. Bxd7 Qe7
21. Bxe8 Rxe8 22. Rd2 Qc7 23. Ne4 Be7 24. Rfd1 Qc6 25. f3 Bc5+ 26. Nxc5 Qxc5+
27. Kh1 Bc8 28. Rd8 Kf7 29. Rxe8 Kxe8 30. h3 Qc7 31. Qe4 Kf7 32. Qd4 Qc6 33. b3
a5 34. Qh8 h5 35. Rd8 1-0

[Event "4NCL Division 3 North"]
[Site "Bolton, ENG"]
[Date "2018.01.14"]
[Round "4.51"]
[White "Melaugh, Shane"]
[Black "Watson, Phil R"]
[Result "1-0"]
[WhiteElo "2050"]
[BlackElo "2170"]
[PlyCount "25"]
[EventDate "2018.01.14"]
[WhiteTeam "Enniscorthy"]
[BlackTeam "Bradford DCA Knights A"]

1. c4 c6 2. Nc3 d5 3. d4 Nf6 4. Bf4 e6 5. e3 Be7 6. Nf3 O-O 7. Bd3 Nbd7 8. O-O
b6 9. cxd5 Nxd5 10. Nxd5 cxd5 11. Qc2 Nf6 12. Rac1 Bd6 13. Qc6 1-0

[Event "4NCL Division 3 North"]
[Site "Bolton, ENG"]
[Date "2018.01.14"]
[Round "4.52"]
[White "Eagleton, Greg T"]
[Black "O'Neill, Paul Sean"]
[Result "1/2-1/2"]
[WhiteElo "2063"]
[BlackElo "1946"]
[PlyCount "90"]
[EventDate "2018.01.14"]
[WhiteTeam "Bradford DCA Knights A"]
[BlackTeam "Enniscorthy"]

1. d4 Nf6 2. c4 e6 3. Nf3 b6 4. Bg5 h6 5. Bh4 Bb7 6. Nc3 Be7 7. e3 O-O 8. Bd3
d5 9. O-O Nbd7 10. Rc1 dxc4 11. Bxc4 c5 12. Qe2 Ne4 13. Nxe4 Bxe4 14. Bg3 Bxf3
15. Qxf3 cxd4 16. exd4 Nf6 17. Be5 Rc8 18. Rfd1 Qd7 19. Qb3 Rfd8 20. f4 Nd5 21.
f5 Bg5 22. fxe6 fxe6 23. Bxd5 Qxd5 24. Qxd5 exd5 25. Rc3 b5 26. Rdd3 b4 27. Rc5
Be7 28. Ra5 Rd7 29. h3 Rc1+ 30. Kh2 Rc2 31. Rb3 Rc4 32. Ra6 Bd8 33. Rg6 Bb6 34.
Rbg3 Bxd4 35. Rxg7+ Rxg7 36. Rxg7+ Kf8 37. Bxd4 Rxd4 38. Rxa7 Rd2 39. Kg3 Rxb2
40. Kf3 Ke8 41. h4 h5 42. Ra5 Rd2 43. Ke3 Rxg2 44. Rxd5 Rxa2 45. Rxh5 Kf7
1/2-1/2

[Event "4NCL Division 3 North"]
[Site "Bolton, ENG"]
[Date "2018.01.14"]
[Round "4.53"]
[White "Kelly, John C"]
[Black "Allis, Richard"]
[Result "0-1"]
[WhiteElo "1857"]
[BlackElo "2049"]
[PlyCount "110"]
[EventDate "2018.01.14"]
[WhiteTeam "Enniscorthy"]
[BlackTeam "Bradford DCA Knights A"]

1. d4 c5 2. d5 e5 3. dxe6 fxe6 4. e4 Nc6 5. Nf3 d6 6. Bd3 Be7 7. O-O Bf6 8. c3
Nge7 9. Qe2 Ng6 10. Be3 O-O 11. Nbd2 a6 12. a4 Qe7 13. Nc4 a5 14. Rfd1 Qc7 15.
Na3 Nd8 16. Ng5 Bxg5 17. Bxg5 Nf7 18. Be3 Bd7 19. b3 Rae8 20. Nb5 Qb8 21. Bc4
Nge5 22. Bf4 Nxc4 23. Qxc4 e5 24. Be3 Be6 25. Rd5 b6 26. Rad1 Rd8 27. b4 Bxd5
28. Rxd5 Kh8 29. bxa5 bxa5 30. h4 Qc8 31. Qe2 Qe6 32. f3 Qe7 33. Bf2 Rc8 34. c4
Rc6 35. Qd2 Ra8 36. Kf1 Raa6 37. Kg1 Nd8 38. Bg3 Ne6 39. Qe3 h6 40. Qd2 Nd4 41.
Kh2 Ra8 42. Qf2 Rb6 43. Qd2 Raa6 44. Kg1 Rb8 45. Kf1 Rf8 46. Bf2 Rf6 47. Qc3
Qd7 48. Qd2 Nxf3 49. gxf3 Qh3+ 50. Ke1 Qh1+ 51. Ke2 Qxf3+ 52. Kf1 Qh1+ 53. Ke2
Qxe4+ 54. Kd1 Qxc4 55. Nxd6 Qxd5 0-1